Statistiken für Kapitäne Bayern München

Klicken Sie hier um das Quiz zu spielen!

Allgemein

  • Dieses Quiz wurde 283 mal gespielt
  • Das Durchschnittsergebnis liegt bei 10 aus 16

Antwortstatistiken

AmtszeitSpieler% Korrekt
Seit 2017Manuel Neuer
99%
2011-2017Philipp Lahm
99%
2002-2008Oliver Kahn
87%
1970-1977Franz Beckenbauer
85%
1977-1979Gerd Müller
79%
1994-1997Lothar Matthäus
78%
1983-1984Karl-Heinz Rummenigge
64%
1999-2002Stefan Effenberg
62%
2008-2011Mark van Bommel
61%
1979Sepp Maier
58%
1980-1983Paul Breitner
48%
1984-1991Klaus Augenthaler
44%
1979-1980Hans-Georg Schwarzenbeck
33%
1997-1999Thomas Helmer
29%
1991-1994Raimond Aumann
18%
1965-1970Werner Olk
8%

Verteilung der Resultate

Perzentil nach korrekt beantworteten Fragen

Anzahl Personen mit jedem Resultat

Ihre Resultats-Entwicklung

Sie haben dieses Quiz noch nicht gespielt